000 00542nam a2200181Ia 4500
003 GCL
008 140319s9999 xx 000 0 ara d
040 _aGCL /
_cGCL
082 0 4 _a273.29
_bف هـ
100 1 _aفريز صموئيل
245 1 0 _aهارونى ام داودى ؟ /
_cفريز صموئيل
260 _aالقاهرة :
_bالمطبعة اوتوبرنت ،
_c2001
300 _a221 ص ؛
_c16 سم
650 0 4 _aالمسيح
650 0 4 _aمريم العذراء
650 0 4 _aالمسيح - النسب
942 _2ddc
_cBK
999 _c5019
_d5019